000
00317nam a2200145Ia 4500
100
_a
Krumm / rob
942
_c
BK
654
_a
Computer
245
_a
Making Windows application Work together
260
_b
B.P.B.
_a
New Delhi
_c
1994
082
_a
005.13 'W'
300
_a
557
546
_a
ENGLISH
999
_c
30749
_d
30749